000 00792nam a22002777a 4500
001 BR0704747
003 BR-BrBNA
005 20230928102529.0
007 ta
008 230509b bl.||||| |||| 00| 0 por d
040 _aBR-BrBNA
_bpor
_cBiblioteca Nacional de Agricultura
041 _a(Por)
072 _aH20
090 _ H20 BR0704747
100 1 _aCaldeira, E.S.
100 1 _aVieira, J.T.
110 1 _aDiretoria Geral da Agricultura e Pecuária do Estado do Pará, Belém (Brasil)
_93463
245 1 _aDoenças de plantas no Estado do Pará
260 3 _aBelém, PA (Brasil):
_c1938.
300 _a14 p.
500 _aDocumento microfilmado e tratado BR7314105
650 _aDOENÇA DE PLANTA
650 _aPARÁ
909 _a202309
_bLucia
_c55
_dLucia Elande
942 _cBK
999 _c71240
_d71240